Kennedy's electronic communication systems / (Record no. 54655)

MARC details
000 -LEADER
fixed length control field 01040nam a22003017a 4500
005 - DATE AND TIME OF LATEST TRANSACTION
control field 20110802104232.0
008 - FIXED-LENGTH DATA ELEMENTS--GENERAL INFORMATION
fixed length control field 110802t xxu||||| |||| 00| 0 eng d
010 ## - LCCN (DPL NO)
LC control number ENG-103183
020 ## - INTERNATIONAL STANDARD BOOK NUMBER
International Standard Book Number 9780071077828
Terms of availability 425.00
020 ## - INTERNATIONAL STANDARD BOOK NUMBER
International Standard Book Number 0071077820
Terms of availability 425.00
035 ## - SYSTEM CONTROL NUMBER
System control number EN-86716
037 ## - SOURCE OF ACQUISITION
Source of stock number/acquisition DBAD / PUB
040 ## - CATALOGING SOURCE
Original cataloging agency dpl
Language of cataloging English
082 ## - DEWEY DECIMAL CLASSIFICATION NUMBER
Classification number 621.382
100 ## - MAIN ENTRY--PERSONAL NAME
Personal name Kennedy, George
9 (RLIN) 29868
245 ## - TITLE STATEMENT
Title Kennedy's electronic communication systems /
Statement of responsibility, etc by George Kennedy, Bernard Davis [and] S.R.M. Prasanna
250 ## - EDITION STATEMENT
Edition statement 5th ed
260 ## - PUBLICATION, DISTRIBUTION, ETC. (IMPRINT)
Place of publication, distribution, etc New Delhi
Name of publisher, distributor, etc Tata McGraw Hill
Date of publication, distribution, etc 2011
270 ## - ADDRESS
Address 7, West Patel Nagar
City New Delhi
Postal code 110002
300 ## - PHYSICAL DESCRIPTION
Extent xix,630p. :
Dimensions 24cm (pbk)
Other physical details ill.
500 ## - GENERAL NOTE
General note Includes index
650 ## - SUBJECT ADDED ENTRY--TOPICAL TERM
9 (RLIN) 29869
651 ## - SUBJECT ADDED ENTRY--GEOGRAPHIC NAME
9 (RLIN) 1549
700 ## - ADDED ENTRY--PERSONAL NAME
9 (RLIN) 29871
Personal name Davis, Bernard
700 ## - ADDED ENTRY--PERSONAL NAME
Personal name Prasanna, S.R.M.
9 (RLIN) 30750
942 ## - ADDED ENTRY ELEMENTS (KOHA)
Source of classification or shelving scheme Dewey Decimal Classification
Item type English Books
Classification part 621.382
Call number suffix KEN
Holdings
Withdrawn status Lost status Source of classification or shelving scheme Damaged status Not for loan Collection code Home library Current library Date acquired Source of acquisition Cost, normal purchase price Total Checkouts Full call number Barcode Date last seen Copy number Cost, replacement price Koha item type
    Dewey Decimal Classification   Not For Loan Non-fiction D.B.Act.Division D.B.Act.Division 02/08/2011 DBAD/PUB 425.00   621.382 KEN EN-86716 02/08/2011 1 425.00 English Books

© Delhi Public Library
Hit Counter
free hit counter